<?xml version="1.0" encoding="UTF-8"?>
<record
    xmlns:xsi="http://www.w3.org/2001/XMLSchema-instance"
    xsi:schemaLocation="http://www.loc.gov/MARC21/slim http://www.loc.gov/standards/marcxml/schema/MARC21slim.xsd"
    xmlns="http://www.loc.gov/MARC21/slim">

  <leader>02566nam a2200253 a 4500</leader>
  <controlfield tag="001">000026237</controlfield>
  <controlfield tag="005">20250924073802.0</controlfield>
  <controlfield tag="008">110307s2004    dr            000 0 spa d</controlfield>
  <datafield tag="020" ind1=" " ind2=" ">
    <subfield code="a">9993477575</subfield>
  </datafield>
  <datafield tag="040" ind1=" " ind2=" ">
    <subfield code="a">DO-SdBNP</subfield>
    <subfield code="b">spa</subfield>
    <subfield code="c">BNPHU</subfield>
  </datafield>
  <datafield tag="082" ind1=" " ind2=" ">
    <subfield code="a">972.9304</subfield>
    <subfield code="b">E59s</subfield>
  </datafield>
  <datafield tag="245" ind1="0" ind2="0">
    <subfield code="a">Ensayos sobre la restauraci&#xF3;n.</subfield>
  </datafield>
  <datafield tag="260" ind1=" " ind2=" ">
    <subfield code="a">Santo Domingo :</subfield>
    <subfield code="b">Universidad Aut&#xF3;noma de Santo Domingo,</subfield>
    <subfield code="c">2004.</subfield>
  </datafield>
  <datafield tag="300" ind1=" " ind2=" ">
    <subfield code="a">262 p. ;</subfield>
    <subfield code="c">21 cm.</subfield>
  </datafield>
  <datafield tag="490" ind1="1" ind2=" ">
    <subfield code="a">Publicaciones de la Universidad Aut&#xF3;noma de Santo Domingo</subfield>
    <subfield code="v">667</subfield>
  </datafield>
  <datafield tag="490" ind1="1" ind2=" ">
    <subfield code="a">Historia y sociedad</subfield>
    <subfield code="v">108</subfield>
  </datafield>
  <datafield tag="504" ind1=" " ind2=" ">
    <subfield code="a">Incluye referencias bibliogr&#xE1;ficas y notas al pie de las p&#xE1;ginas.</subfield>
  </datafield>
  <datafield tag="505" ind1="0" ind2=" ">
    <subfield code="t">Antecedentes hist&#xF3;ricos y sociol&#xF3;gicos de la anexi&#xF3;n a Espa&#xF1;a /</subfield>
    <subfield code="r">Manuel A. Pe&#xF1;a Batlle --</subfield>
    <subfield code="t">I ;</subfield>
    <subfield code="t">II ;</subfield>
    <subfield code="t">Anexi&#xF3;n y guerra restauradora /</subfield>
    <subfield code="r">Juan Daniel Balc&#xE1;cer, Manuel Garc&#xED;a Ar&#xE9;valo --</subfield>
    <subfield code="t">La anexi&#xF3;n a Espa&#xF1;a ;</subfield>
    <subfield code="t">Primeras manifestaciones contra la anexi&#xF3;n ;</subfield>
    <subfield code="t">La guerra restauradora ;</subfield>
    <subfield code="t">Acta de nacimiento de la Segunda Rep&#xFA;blica ;</subfield>
    <subfield code="t">Elogio del gobierno de la Restauraci&#xF3;n /</subfield>
    <subfield code="r">Emilio Rodr&#xED;guez Demorizi --</subfield>
    <subfield code="t">Centenario de la Restauraci&#xF3;n ;</subfield>
    <subfield code="t">En el centenario de la Restauraci&#xF3;n ;</subfield>
    <subfield code="t">La Restauraci&#xF3;n y sus enlaces con la historia de occidente /</subfield>
    <subfield code="r">Pedro Troncoso S&#xE1;nchez ;</subfield>
    <subfield code="t">Capitolio y la Restauraci&#xF3;n /</subfield>
    <subfield code="r">Alcides Garc&#xED;a Lluberes --</subfield>
    <subfield code="t">El d&#xED;a hist&#xF3;rico /</subfield>
    <subfield code="r">Alcides Garc&#xED;a Lluberes --</subfield>
    <subfield code="t">La batalla del 6 de septiembre de 1863 /</subfield>
    <subfield code="r">C&#xE9;sar Herrera --</subfield>
    <subfield code="t">Ligera descripci&#xF3;n de la columna expedici&#xF3;n a Santiago de los Caballeros y retirada a Puerto Plata --</subfield>
    <subfield code="t">Reflexiones sobre la Guerra de la Restauraci&#xF3;n /</subfield>
    <subfield code="r">Francisco Antonio Avelino --</subfield>
    <subfield code="t">Criterios preliminares de nuestra interpretaci&#xF3;n hist&#xF3;rica ;</subfield>
    <subfield code="t">Visi&#xF3;n sociol&#xF3;gica ;</subfield>
    <subfield code="t">Aproximaci&#xF3;n para la compresi&#xF3;n sociol&#xF3;gica de la proeza militar de la guerra restauradora --</subfield>
    <subfield code="t">Perfil nacionalista de Gregorio Luper&#xF3;n /</subfield>
    <subfield code="r">Hugo Tolentino Dipp --</subfield>
    <subfield code="t">La nacionalidad oscurecida ;</subfield>
    <subfield code="t">Por la integridad nacional ;</subfield>
    <subfield code="t">Caracter&#xED;sticas de la Guerra Restauradora, 1863-1865 /</subfield>
    <subfield code="r">Emilio Cordero Michel --</subfield>
    <subfield code="g">Ap&#xE9;ndice --</subfield>
    <subfield code="t">Actos y doctrina del gobierno de la Restauraci&#xF3;n ;</subfield>
    <subfield code="t">Adiciones ;</subfield>
    <subfield code="t">Firmas en Luper&#xF3;n ;</subfield>
    <subfield code="t">Exposici&#xF3;n a S. M. la Reina de Espa&#xF1;a ;</subfield>
    <subfield code="t">Exposici&#xF3;n al gobierno de Inglaterra ;</subfield>
    <subfield code="t">Ram&#xF3;n Mella, a sus conciudadanos ;</subfield>
    <subfield code="t">Convenio de El Caramelo ;</subfield>
    <subfield code="t">Comentarios editoriales. Convenio de El Caramelo.</subfield>
  </datafield>
  <datafield tag="590" ind1=" " ind2=" ">
    <subfield code="a">Inventariado, 2020/YL</subfield>
  </datafield>
  <datafield tag="651" ind1=" " ind2="0">
    <subfield code="a">REP&#xDA;BLICA DOMINICANA</subfield>
    <subfield code="x">HISTORIA</subfield>
    <subfield code="y">RESTAURACI&#xD3;N 1863-1865</subfield>
    <subfield code="9">896</subfield>
  </datafield>
  <datafield tag="830" ind1=" " ind2=" ">
    <subfield code="a">Publicaciones de la Universidad Aut&#xF3;noma de Santo Domingo</subfield>
    <subfield code="v">667</subfield>
    <subfield code="9">52</subfield>
  </datafield>
  <datafield tag="830" ind1=" " ind2="0">
    <subfield code="a">Historia y sociedad</subfield>
    <subfield code="v">108</subfield>
    <subfield code="9">13749</subfield>
  </datafield>
  <datafield tag="910" ind1=" " ind2=" ">
    <subfield code="a">Validado. Control de calidad BNPHU</subfield>
  </datafield>
  <datafield tag="952" ind1=" " ind2=" ">
    <subfield code="0">0</subfield>
    <subfield code="1">0</subfield>
    <subfield code="5">4</subfield>
    <subfield code="7">0</subfield>
    <subfield code="8">DS</subfield>
    <subfield code="a">GR</subfield>
    <subfield code="b">GR</subfield>
    <subfield code="c">HD</subfield>
    <subfield code="d">2011-03-07</subfield>
    <subfield code="i">LF1</subfield>
    <subfield code="l">0</subfield>
    <subfield code="o">972.9304 E59s</subfield>
    <subfield code="p">26237-30</subfield>
    <subfield code="r">2020-06-25</subfield>
    <subfield code="t">e. 3</subfield>
    <subfield code="w">2020-06-25</subfield>
    <subfield code="y">LFDS</subfield>
    <subfield code="Z">Pr&#xE9;stamo en sala</subfield>
  </datafield>
  <datafield tag="952" ind1=" " ind2=" ">
    <subfield code="0">0</subfield>
    <subfield code="1">0</subfield>
    <subfield code="5">4</subfield>
    <subfield code="7">0</subfield>
    <subfield code="8">DS</subfield>
    <subfield code="a">GR</subfield>
    <subfield code="b">GR</subfield>
    <subfield code="c">HD</subfield>
    <subfield code="d">2011-03-10</subfield>
    <subfield code="i">LF1</subfield>
    <subfield code="l">0</subfield>
    <subfield code="o">972.9304 E59s</subfield>
    <subfield code="p">26237-40</subfield>
    <subfield code="r">2020-06-25</subfield>
    <subfield code="t">e. 4</subfield>
    <subfield code="w">2020-06-25</subfield>
    <subfield code="y">LFDS</subfield>
    <subfield code="Z">Pr&#xE9;stamo en sala</subfield>
  </datafield>
  <datafield tag="952" ind1=" " ind2=" ">
    <subfield code="0">0</subfield>
    <subfield code="1">0</subfield>
    <subfield code="7">1</subfield>
    <subfield code="8">PD</subfield>
    <subfield code="a">PD</subfield>
    <subfield code="b">PD</subfield>
    <subfield code="c">HD</subfield>
    <subfield code="d">2011-03-07</subfield>
    <subfield code="i">LF1</subfield>
    <subfield code="l">0</subfield>
    <subfield code="o">972.9304 E59s</subfield>
    <subfield code="p">26237-10</subfield>
    <subfield code="r">2020-06-25</subfield>
    <subfield code="w">2020-06-25</subfield>
    <subfield code="y">LFPD</subfield>
    <subfield code="Z">No se presta</subfield>
  </datafield>
  <datafield tag="952" ind1=" " ind2=" ">
    <subfield code="0">0</subfield>
    <subfield code="1">0</subfield>
    <subfield code="7">1</subfield>
    <subfield code="8">PD</subfield>
    <subfield code="a">PD</subfield>
    <subfield code="b">PD</subfield>
    <subfield code="c">HD</subfield>
    <subfield code="d">2011-03-07</subfield>
    <subfield code="i">LF1</subfield>
    <subfield code="l">0</subfield>
    <subfield code="o">972.9304 E59s</subfield>
    <subfield code="p">26237-20</subfield>
    <subfield code="r">2020-06-25</subfield>
    <subfield code="t">e. 2</subfield>
    <subfield code="w">2020-06-25</subfield>
    <subfield code="y">LFPD</subfield>
    <subfield code="Z">No se presta</subfield>
  </datafield>
  <datafield tag="999" ind1=" " ind2=" ">
    <subfield code="c">25729</subfield>
    <subfield code="d">25729</subfield>
  </datafield>
</record>
